<?xml version="1.0" encoding="UTF-8"?>
<record
    xmlns:xsi="http://www.w3.org/2001/XMLSchema-instance"
    xsi:schemaLocation="http://www.loc.gov/MARC21/slim http://www.loc.gov/standards/marcxml/schema/MARC21slim.xsd"
    xmlns="http://www.loc.gov/MARC21/slim">

  <leader>00214nam a22000857a 4500</leader>
  <controlfield tag="001">1243780</controlfield>
  <controlfield tag="005">20251017115211.0</controlfield>
  <datafield tag="245" ind1=" " ind2=" ">
    <subfield code="a">L&#x130;TTLE RED R&#x130;D&#x130;NG HOOD </subfield>
    <subfield code="c">ZEYNEP TA&#x15E;DEM&#x130;R</subfield>
  </datafield>
  <datafield tag="260" ind1=" " ind2=" ">
    <subfield code="b">B&#x130;NB&#x130;R &#xC7;&#x130;&#xC7;EK YAYINLARI</subfield>
  </datafield>
  <datafield tag="999" ind1=" " ind2=" ">
    <subfield code="c">1243780</subfield>
    <subfield code="d">1243780</subfield>
  </datafield>
  <datafield tag="952" ind1=" " ind2=" ">
    <subfield code="0">0</subfield>
    <subfield code="1">0</subfield>
    <subfield code="2">ddc</subfield>
    <subfield code="4">0</subfield>
    <subfield code="7">0</subfield>
    <subfield code="a">1021</subfield>
    <subfield code="b">1021</subfield>
    <subfield code="d">2025-10-17</subfield>
    <subfield code="l">0</subfield>
    <subfield code="p">10215277</subfield>
    <subfield code="r">2025-10-17 11:52:15</subfield>
    <subfield code="w">2025-10-17</subfield>
    <subfield code="y">BK</subfield>
  </datafield>
</record>
